Tìm hiểu luật đất đai

Đã lưu trong:
Bibliografiske detaljer
Hovedforfatter: Nguyễn, Quang Tuyến
Format: Bog
Sprog:Undetermined
Udgivet: Hà Nội Công an nhân dân 2004
Fag:
Tags: Tilføj Tag
Ingen Tags, Vær først til at tagge denne postø!
Thư viện lưu trữ: Trung tâm Học liệu Trường Đại học Cần Thơ
LEADER 00602nam a2200205Ia 4500
001 CTU_63361
008 210402s9999 xx 000 0 und d
020 |b 40500 
082 |a 346.597043 
082 |b T527 
100 |a Nguyễn, Quang Tuyến 
245 0 |a Tìm hiểu luật đất đai 
245 0 |c Nguyễn Quang Tuyến; Nguyễn Xuân Anh 
260 |a Hà Nội 
260 |b Công an nhân dân 
260 |c 2004 
650 |a Land use 
650 |x Law and legislation 
904 |i Trúc Phương 
980 |a Trung tâm Học liệu Trường Đại học Cần Thơ